| 000 | 00623nab a2200157Ia 4500 | ||
|---|---|---|---|
| 003 | ES-SlBCS | ||
| 005 | 20210601133735.0 | ||
| 008 | 140529s2000 xxu||||| |||| 00| 0 por d | ||
| 041 | _apor | ||
| 100 | 1 |
_aFilho, Luciano Mendes de Faria _9209021 |
|
| 245 | 0 | 0 |
_aEducaçao e modernidade: a estadística como estratégia de conformaçao do campo pedagógico brasileiro (1850-1930) _c Luciano Mendes de Faria Filho, Maurilane de Souza Biccas |
| 650 | 0 | 4 |
_aEstadística _916779 |
| 700 | 1 |
_aBiccas, Maurilane de Souza _9209022 |
|
| 773 | 0 |
_tEducaçao e Filosofia _gvol. 14, nº. 27-28, 2000, págs. 175-201 _wRev1534 |
|
| 942 | _cAR | ||
| 999 |
_c601364 _d601364 |
||